000 00885nam0a22002651 4500
001 rc\3781929
005 20250530045513.0
021 _aRU
_bП1292-76
035 _a(NLR Aleph) 007231539
090 _a7728855
_c7728855
100 _a20120207d1975 |||y0rusy50 ca
101 0 _arus
102 _aRU
105 _ay z |||||
200 1 _aИсследование точного решения кластерной модели Изинга
210 _aДубна
_cБ. и.
_d1975
215 _a20 с.
_cграф.
_d22
225 1 _aСообщения Объединенного института ядерных исследований
_vР17-9106
320 _aБиблиогр.: с. 20
700 1 _aЛапушкин
_bС.С.
_gСергей Сергеевич
801 0 _aRU
_bNLR
_gpsbo
801 1 _aRU
_bELAR
_2rusmarc
852 _aNLR
_jП11/2061
942 _cBOOK
980 _aNB